000 01334nam a2200349 a 4500
001 ebr10300140
003 CaPaEBR
006 m u
007 cr cn|||||||||
008 090430s2009 enkab sb 001 0 eng
010 _z 2009277936
015 _aGBA8C5817
_2bnb
016 7 _z014793700
_2Uk
020 _z9780199236947 (pbk.)
020 _z0199236941 (pbk.)
040 _aCaPaEBR
_cCaPaEBR
035 _a(OCoLC)428732119
050 1 4 _aBS2851
_b.F67 2009eb
082 0 4 _a229.8
_222
100 1 _aFoster, Paul,
_d1966-
245 1 4 _aThe Apocryphal Gospels
_h[electronic resource] :
_ba very short introduction /
_cPaul Foster.
260 _aOxford ;
_aNew York :
_bOxford University Press,
_c2009.
300 _a152 p. :
_bill., maps.
490 1 _aVery short introductions ;
_v201
504 _aIncludes bibliographical references (p. 142-150) and index.
533 _aElectronic reproduction.
_bPalo Alto, Calif. :
_cebrary,
_d2013.
_nAvailable via World Wide Web.
_nAccess may be limited to ebrary affiliated libraries.
630 0 0 _aApocryphal gospels.
655 7 _aElectronic books.
_2local
710 2 _aebrary, Inc.
830 0 _aVery short introductions ;
_v201.
856 4 0 _uhttp://site.ebrary.com/lib/rucke/Doc?id=10300140
_zAn electronic book accessible through the World Wide Web; click to view
999 _c170085
_d170085